000 00620nam a22002537a 4500
001 22876
003 UA-OsUOA
005 20210721161109.0
007 ta
008 20031226b un ||||| |||| 00| 0 ukr d
040 _aUA-OsUOA
_brus
_cUA-OsUOA
_dUA-OsUOA
041 _arus
044 _aRU
080 _a2 (091)
090 _a2 (091)
_bК85
100 _aКрывелев И. А.
245 _aИстория религий: в 2-х т.
260 _aМосква
_bМысль
_c1975
300 _a415 с.
505 _gТ. 1
_tОчерки
650 7 _2UDC
_a2 Релігія
942 _cBK
_2udc
955 _a2
999 _c309108
_d309108